| 000 | 00793cam a2200229 a 4500 | ||
|---|---|---|---|
| 001 | 740385 | ||
| 005 | 20240229050754.0 | ||
| 008 | 990609s1999 ii b 001 0 eng | ||
| 020 | _a0761993592 (cloth) | ||
| 020 | _a0761993606 (pbk.) | ||
| 040 |
_aDLC _cDLC _dDLC |
||
| 082 | 0 | 0 |
_a323.1 _221 _bETH. |
| 100 | _aCzarnecka, pfaff Joanna. | ||
| 245 | 0 | 0 |
_aEthnic futures : _bthe state and identity politics in Asia / _cJoanna Pfaff-Czarnecka ... [et al.]. |
| 260 |
_aNew Delhi ; _aThousand Oaks, CA : _bSage Publications, _c1999. |
||
| 300 | _a209 p. ; | ||
| 650 | 0 | _aIdentity politics | |
| 700 | 2 |
_aPfaff-Czarnecka, Joanna. _eedt |
|
| 856 | 4 | 2 | _uhttp://www.loc.gov/catdir/enhancements/fy0657/99016908-d.html |
| 856 | 4 | 1 | _uhttp://www.loc.gov/catdir/enhancements/fy0657/99016908-t.html |
| 942 | _cL | ||
| 999 |
_c520 _d520 |
||